000 00181nam a2200073Ia 4500
008 170524s9999 xx 000 0 und d
100 _aPANNEERSELVAM
245 0 _aRESEARCH METHODOLOGY
260 _bHIMALYA PUB. HOUSE
999 _c7914
_d7914